The state of the world's children, 1999 Education (Record no. 3237)

MARC details
000 -LEADER
fixed length control field 00563nam a2200169 4500
008 - FIXED-LENGTH DATA ELEMENTS--GENERAL INFORMATION
fixed length control field 230821b |||||||| |||| 00| 0 eng d
020 ## - ISBN
ISBN 9280633899
082 ## - DEWEY DECIMAL CLASSIFICATION NUMBER
Classification number 372.917
Item number UNI
942 ## - ADDED ENTRY ELEMENTS (KOHA)
Item Type Reports
700 ## - ADDED ENTRY--PERSONAL NAME
Personal name Carol Bellamy
245 ## - TITLE STATEMENT
Title The state of the world's children, 1999 Education
260 ## - PUBLICATION, DISTRIBUTION, ETC. (IMPRINT)
Place of Publication New York:
Name of Publisher UNICEF,
Date of Copyright [1999]
300 ## - PHYSICAL DESCRIPTION
Extent 131 p. : ill. ; 26 cm.
Physical Details Glossary and index included
650 ## - SUBJECT ADDED ENTRY--TOPICAL TERM
Topical Term EDUCATION,ELEMENTARY-Developing countries
650 ## - SUBJECT ADDED ENTRY--TOPICAL TERM
Topical Term Right to education--Developing countries
650 ## - SUBJECT ADDED ENTRY--TOPICAL TERM
Topical Term Children--Developing countries--Statistics.
Holdings
Withdrawn status Lost status Source of classification or shelving scheme Damaged status Not for loan Permanent location Current location Date acquired Total Checkouts Full call number Barcode Date last seen Price effective from Koha item type
    Dewey Decimal Classification     Resource center, Muslim Women's Research And Action Forum Resource center, Muslim Women's Research And Action Forum 2023-08-21   372.917 UNI RAF110 2023-08-21 2023-08-21 Reports

Copyright © 2023 Muslim Women's Research and Action Forum (MWRAF), No 27/3, Anderson Road, Kalubowila, Dehiwela. Funded by The Asia Fundation